Normal view
MARC view
Entry Personal Name
001 - CONTROL NUMBER
- control field: 244457
003 - CONTROL NUMBER IDENTIFIER
- control field: OSt
005 - DATE AND TIME OF LATEST TRANSACTION
- control field: 20251106162101.0
008 - FIXED-LENGTH DATA ELEMENTS
- fixed length control field: 251106|| aca||aabn | a|a d
040 ## - CATALOGING SOURCE
- Original cataloging agency: OSt
- Transcribing agency: OSt
100 ## - HEADING--PERSONAL NAME
- Personal name: VAMANA RAO (B)
- Dates associated with a name: ವಾಮನ ರಾವ್ (ಬಿ)
670 ## - SOURCE DATA FOUND
- Source citation: Work cat.: (OSt)118963: VAMANA RAO (B) ವಾಮನ ರಾವ್ (ಬಿ) , Kadalatadiya nenapinalegalu, 2014